000 00586nam a22002177a 4500
003 UA-OsUOA
001 116134
007 ta
008 20160210b un ||||| |||| 00| 0 ukr d
100 _aДаниленко А.І.
090 _a330(477)
_bД18
942 _cSA
040 _aUA-OsUOA
_bukr
_cUA-OsUOA
_dUA-OsUOA
245 _aФінансові аспекти управління економічним розвитком
300 _aС.4-23
955 _a0
041 _aukr
080 _a330(477)
773 0 _w116133
650 7 _a330 Економіка взагалі
_2UDC
999 _c401948
_d401948